Ładuje się......
Aalochana ki samajikatha /
| 1. autor: | |
|---|---|
| Format: | Printed Book |
| Wydane: |
New Delhi:
Vani Prakashan,
2012
|
| LEADER | 00452nam a22001457a 4500 | ||
|---|---|---|---|
| 008 | 140827b ii||||| |||| 00| 0 hin d | ||
| 999 | |c 247595 |d 247595 | ||
| 020 | |c 8181433564 | ||
| 100 | |a Manager Pandey | ||
| 245 | |a Aalochana ki samajikatha / |c Manager Pandey | ||
| 260 | |a New Delhi: |b Vani Prakashan, |c 2012 | ||
| 300 | |a 296p | ||
| 546 | |a in Hindi | ||
| 942 | |c BK | ||
| 952 | |0 0 |1 0 |4 0 |7 0 |9 274931 |a HIN |b HIN |c S-51 |d 2017-06-14 |i 23489 |l 0 |p HIN23489 |r 2017-06-14 |w 2017-06-14 |y BK | ||